CAMBRIDGE ECONOMIC HISTORY OF INDIA (Record no. 15567)
[ view plain ]
| 000 -LEADER | |
|---|---|
| fixed length control field | 00366nam a2200145Ia 4500 |
| 008 - FIXED-LENGTH DATA ELEMENTS--GENERAL INFORMATION | |
| fixed length control field | 240624s9999 xx 000 0 und d |
| 041 ## - LANGUAGE CODE | |
| Language code of text/sound track or separate title | eng |
| 082 ## - DEWEY DECIMAL CLASSIFICATION NUMBER | |
| Classification number | 300 BHA |
| 100 ## - MAIN ENTRY--PERSONAL NAME | |
| Personal name | KUMAR DHARMA |
| 245 ## - TITLE STATEMENT | |
| Title | CAMBRIDGE ECONOMIC HISTORY OF INDIA |
| 260 ## - PUBLICATION, DISTRIBUTION, ETC. | |
| Date of publication, distribution, etc. | 2008 |
| Place of publication, distribution, etc. | Hyderabad |
| Name of publisher, distributor, etc. | Orient Longman |
| 300 ## - PHYSICAL DESCRIPTION | |
| Extent | xli, : 1115 : p. : cm. ; 21 |
| 365 ## - TRADE PRICE | |
| Currency code | RS |
| Price amount | 31 |
| 440 ## - SERIES STATEMENT/ADDED ENTRY--TITLE | |
| Volume/sequential designation | 1 |
| Withdrawn status | Lost status | Damaged status | Not for loan | Home library | Current library | Shelving location | Date acquired | Source of acquisition | Cost, normal purchase price | Full call number | Barcode | Date last seen | Copy number | Price effective from | Koha item type |
|---|---|---|---|---|---|---|---|---|---|---|---|---|---|---|---|
| IMTN | IMTN | Rack 4-A | 09/08/2010 | AP | 545.00 | 300 BHA | 15567 | 06/24/2024 | 1 | 06/24/2024 | Books |